A study of the ultrastructural changes in the cardiac ganglia of diabetic rats /
محفوظ في:
| المؤلف الرئيسي: | |
|---|---|
| التنسيق: | أطروحة كتاب |
| اللغة: | English |
| منشور في: |
1989.
|
| الموضوعات: | |
| الوسوم: |
إضافة وسم
لا توجد وسوم, كن أول من يضع وسما على هذه التسجيلة!
|
| LEADER | 00838cam a2200241 a 4500 | ||
|---|---|---|---|
| 001 | u140777 | ||
| 003 | SIRSI | ||
| 008 | 920212s1989 si v 00 1 eng m | ||
| 035 | |a AAQ-2884 | ||
| 040 | |a UMP | ||
| 096 | |a WK810 |b Ahmkaj 1989 | ||
| 100 | 1 | 0 | |a Ahmad Kamal Abdul Jalil. |
| 245 | 1 | 2 | |a A study of the ultrastructural changes in the cardiac ganglia of diabetic rats / |c by Ahmad Kamal bin Abdul Jalil. |
| 260 | |c 1989. | ||
| 300 | |a viii, 178 leaves : |b ill., photo ; |c 30 cm. | ||
| 502 | |a Dissertation (M.Sc.) - National University of Singapore, 1989. | ||
| 504 | |a Bibliography: leaves 148-166a. | ||
| 650 | 2 | |a Diabetes Mellitus, Experimental. | |
| 650 | 2 | |a Rats. | |
| 650 | 2 | |a Ganglia |x ultrastructure. | |
| 948 | |a 12/02/1992 |b 26/07/1997 | ||
| 596 | |a 2 | ||
| 999 | |a WK810 AHMKAJ 1989 |w LC |c 1 |i A502456971 |l STACKS |m P02MEDKL |r Y |s Y |t TESIS |u 1/10/1995 | ||
